[Event "Bamberg op-A 5th"]
[Site "Bamberg"]
[Date "2023.07.27"]
[Round "2"]
[White "Kowalczyk, Pawel"]
[Black "Schmid, Bernhard"]
[Result "1-0"]
[WhiteElo "2332"]
[BlackElo "2069"]
[PlyCount "65"]
[EventDate "2023.07.26"]
[EventType "swiss"]
[EventRounds "7"]
[EventCountry "GER"]
[SourceTitle "CBM 215 Extra"]
[Source "ChessBase"]
[SourceDate "2023.09.30"]
[SourceVersion "1"]
[SourceVersionDate "2023.09.30"]
[SourceQuality "1"]

1. e4 e5 2. d4 exd4 3. c3 Qe7 4. cxd4 Qxe4+ 5. Be3 Bb4+ 6. Nc3 Nf6 7. Nf3 Nd5 8. Qd2 Nxe3 9. fxe3 Bxc3 10. bxc3 d5 11. Bd3 Qe7 12. 0-0 Nd7 13. e4 dxe4 14. Bxe4 Nf6 15. Rae1 Nxe4 16. Rxe4 Be6 17. d5 0-0-0 18. c4 Qc5+ 19. Qd4 Qa3 20. Qxg7 Rhg8 21. Qh6 Bf5 22. Re7 Qxa2 23. g3 Rd6 24. Qf4 Bh3 25. Rf2 Qb1+ 26. Re1 Qf5 27. Qd4 Ra6 28. Ne5 Qh5 29. Nxf7 Bf5 30. Ne5 Rh6 31. Qf4 Bd7 32. c5 Qh4 33. Qf3 1-0

[Event "Munich Laimer op 2nd"]
[Site "Munich"]
[Date "2023.05.28"]
[Round "5"]
[White "Schmid, Bernhard"]
[Black "Ciolek, Andreas"]
[Result "0-1"]
[WhiteElo "2085"]
[BlackElo "2273"]
[PlyCount "56"]
[EventDate "2023.05.26"]
[EventType "swiss"]
[EventRounds "9"]
[EventCountry "GER"]
[SourceTitle "CBM 214 Extra"]
[Source "ChessBase"]
[SourceDate "2023.07.31"]
[SourceVersion "1"]
[SourceVersionDate "2023.07.31"]
[SourceQuality "1"]

1. d4 d5 2. c4 e6 3. Nc3 Nf6 4. cxd5 exd5 5. Bg5 c6 6. e3 h6 7. Bh4 Be7 8. Bd3 0-0 9. Nge2 Nbd7 10. 0-0 Re8 11. a4 Nh5 12. Bxe7 Qxe7 13. a5 Ndf6 14. Ng3 Nxg3 15. hxg3 Ng4 16. Be2 h5 17. Na4 g6 18. Nc5 Kg7 19. Bxg4 hxg4 20. Qb3 Rb8 21. Qc3 Bf5 22. a6 b6 23. Nd3 Rbc8 24. Nb4 Qd6 25. Rac1 Rh8 26. Qd2 Rh5 27. Rfd1 Be4 28. Kf1 Bf3 0-1

[Event "Mittelfranken Landesliga Nord 2122"]
[Site "Mittelfranken"]
[Date "2021.11.14"]
[Round "2.3"]
[White "Schmid, Bernhard"]
[Black "Dey, Jan Marten"]
[Result "1-0"]
[WhiteElo "2069"]
[BlackElo "2110"]
[PlyCount "63"]
[EventDate "2021.10.24"]
[EventType "team-tourn"]
[EventRounds "9"]
[EventCountry "GER"]
[SourceTitle "EXT 2024"]
[Source "ChessBase"]
[SourceDate "2023.10.10"]
[SourceVersion "1"]
[SourceVersionDate "2023.10.10"]
[SourceQuality "1"]
[WhiteTeam "Kelheim"]
[BlackTeam "Schweinfurt"]
[WhiteTeamCountry "GER"]
[BlackTeamCountry "GER"]

1. d4 d5 2. c4 Nc6 3. cxd5 Qxd5 4. e3 e5 5. Nc3 Bb4 6. Bd2 Bxc3 7. bxc3 Nf6 8. c4 Qd6 9. d5 Ne7 10. Rb1 a5 11. Nf3 0-0 12. Bc3 Nd7 13. Bd3 Re8 14. Ng5 Ng6 15. h4 Nc5 16. h5 Nf8 17. h6 Nxd3+ 18. Qxd3 gxh6 19. Nf3 Nd7 20. e4 f5 21. Qd2 f4 22. g3 Qg6 23. Qe2 fxg3 24. Rg1 Qh5 25. Rxg3+ Kf8 26. Qb2 Nc5 27. Qa3 b6 28. Ke2 Ba6 29. Rbg1 Bxc4+ 30. Ke3 Bd3 31. Rg4 Kf7 32. Rh4 1-0

[Event "Murrhard Wuerttemberg op"]
[Site "Murrhard"]
[Date "2021.08.21"]
[Round "6"]
[White "Omert, Oliver"]
[Black "Schmid, Bernhard"]
[Result "0-1"]
[WhiteElo "1841"]
[BlackElo "2065"]
[PlyCount "128"]
[EventDate "2021.08.18"]
[EventType "swiss"]
[EventRounds "7"]
[EventCountry "GER"]
[SourceTitle "CBM 204 Extra"]
[Source "ChessBase"]
[SourceDate "2021.11.30"]
[SourceVersion "1"]
[SourceVersionDate "2021.11.30"]
[SourceQuality "1"]

1. e4 e6 2. d4 d5 3. Nd2 Be7 4. e5 c5 5. Qg4 Kf8 6. Nb3 Nc6 7. Nxc5 h5 8. Qf4 g5 9. Qd2 Nxe5 10. dxe5 Bxc5 11. Qxg5 Qxg5 12. Bxg5 Bd4 13. 0-0-0 Bxe5 14. Nf3 Bg7 15. c4 f6 16. Bd2 Ne7 17. Bb4 Kf7 18. Nh4 Nc6 19. Bc3 Ne7 20. Bb4 Nc6 21. Bc3 Bh6+ 22. Kb1 d4 23. Bd2 e5 24. Bd3 Ne7 25. f4 exf4 26. Rdf1 Bg5 27. Bxf4 Bxh4 28. g3 Bh3 29. Rf2 Ng6 30. gxh4 Nxf4 31. Rxf4 Rad8 32. Rg1 Rhg8 33. Rd1 Rg4 34. Rf5 Rxh4 35. Rc5 Bg4 36. Rd2 Rd7 37. Bf5 Bxf5+ 38. Rxf5 Ke6 39. Rf3 d3 40. b3 Re4 41. Kb2 f5 42. Kc3 Ke5 43. Rh3 h4 44. Rdxd3 Rxd3+ 45. Kxd3 Kf6 46. Rf3 Kg5 47. h3 Re1 48. c5 a5 49. a3 Ra1 50. Kc2 Rg1 51. Kd3 f4 52. b4 a4 53. b5 Kf5 54. Kc4 Ke4 55. Rc3 f3 56. Rc2 Rg2 57. Rc1 f2 58. Rf1 Ke3 59. c6 bxc6 60. bxc6 Ke2 61. c7 Rg8 62. Rc1 f1Q 63. Rxf1 Kxf1 64. Kd5 Kg2 0-1

[Event "Murrhard Wuerttemberg op"]
[Site "Murrhard"]
[Date "2021.08.21"]
[Round "5"]
[White "Schmid, Bernhard"]
[Black "Gabriel, Josef"]
[Result "0-1"]
[WhiteElo "2065"]
[BlackElo "2046"]
[PlyCount "34"]
[EventDate "2021.08.18"]
[EventType "swiss"]
[EventRounds "7"]
[EventCountry "GER"]
[SourceTitle "CBM 204 Extra"]
[Source "ChessBase"]
[SourceDate "2021.11.30"]
[SourceVersion "1"]
[SourceVersionDate "2021.11.30"]
[SourceQuality "1"]

1. d4 g6 2. c4 Bg7 3. Nc3 d6 4. e4 e5 5. Be3 exd4 6. Bxd4 Nf6 7. Be2 Nc6 8. Be3 0-0 9. g4 Re8 10. f3 Bxg4 11. fxg4 Nxe4 12. Nxe4 Rxe4 13. Qd2 Qe7 14. Bg5 Qe5 15. 0-0-0 Rd4 16. Qe3 Rxc4+ 17. Kd2 Qa5+ 0-1

[Event "Regionalliga Nord-Ost 1819"]
[Site "Bayern"]
[Date "2018.11.25"]
[Round "3.1"]
[White "Engelmann, Wolfgang"]
[Black "Schmid, Bernhard"]
[Result "1-0"]
[WhiteElo "2053"]
[BlackElo "2019"]
[PlyCount "107"]
[EventDate "2018.10.21"]
[EventType "team-tourn"]
[EventRounds "9"]
[EventCountry "GER"]
[SourceTitle "EXT 2022"]
[Source "ChessBase"]
[SourceDate "2021.10.06"]
[SourceVersion "1"]
[SourceVersionDate "2021.10.06"]
[SourceQuality "1"]
[WhiteTeam "Rothenburg"]
[BlackTeam "Kelheim SK II"]
[WhiteTeamCountry "GER"]
[BlackTeamCountry "GER"]

1. d4 d5 2. Bf4 Nf6 3. e3 c5 4. c3 Nc6 5. Nf3 Qb6 6. Qc1 Bf5 7. Nbd2 e6 8. h3 h6 9. Nb3 c4 10. Nbd2 Qd8 11. Be2 Bd6 12. Bxd6 Qxd6 13. b3 b5 14. a4 b4 15. bxc4 0-0 16. c5 Qc7 17. 0-0 Rfb8 18. Rd1 b3 19. Qb2 Na5 20. Ne5 Ne4 21. Nxe4 Bxe4 22. Nf3 Bxf3 23. gxf3 Qe7 24. Bd3 Qh4 25. Kh2 Nc4 26. Bxc4 dxc4 27. Qe2 Rb7 28. Rd2 Qh5 29. Rb2 Qd5 30. e4 Qh5 31. Qxc4 Qxf3 32. d5 Qf4+ 33. Kg2 exd5 34. Qxd5 Rab8 35. Rab1 Re7 36. Rxb3 Rxb3 37. Rxb3 Qxe4+ 38. Qxe4 Rxe4 39. Rb8+ Kh7 40. Rb4 Re7 41. Rd4 Kg6 42. Kf3 f6 43. c4 Kf5 44. c6 Rc7 45. Rd6 Ke5 46. c5 g5 47. Ke3 h5 48. Kd3 f5 49. Kc4 a6 50. Kb4 g4 51. hxg4 fxg4 52. Ka5 h4 53. Kb6 g3 54. fxg3 1-0

[Event "Landesliga Nord 1718"]
[Site "Bayern"]
[Date "2017.11.12"]
[Round "2.8"]
[White "Meindl, Adolf"]
[Black "Schmid, Bernhard"]
[Result "1/2-1/2"]
[WhiteElo "1765"]
[BlackElo "1963"]
[PlyCount "67"]
[EventDate "2017.10.22"]
[EventType "team-tourn"]
[EventRounds "9"]
[EventCountry "GER"]
[SourceTitle "EXT 2022"]
[Source "ChessBase"]
[SourceDate "2021.10.06"]
[SourceVersion "1"]
[SourceVersionDate "2021.10.06"]
[SourceQuality "1"]
[WhiteTeam "Bad Koetzting"]
[BlackTeam "Kelheim SK"]
[WhiteTeamCountry "GER"]
[BlackTeamCountry "GER"]

1. d4 d5 2. c3 Nf6 3. Bf4 Bf5 4. e3 e6 5. Bd3 Bxd3 6. Qxd3 Nbd7 7. Nd2 Bd6 8. Ngf3 0-0 9. 0-0 Bxf4 10. exf4 c5 11. f5 c4 12. Qc2 Re8 13. Rfe1 Qb6 14. fxe6 Rxe6 15. Rxe6 Qxe6 16. Re1 Qd6 17. Ne5 Re8 18. Qf5 Re7 19. Ndf3 g6 20. Qc2 Ne4 21. Nxd7 Qxd7 22. Nd2 Ng5 23. Qd1 Qe8 24. Rxe7 Qxe7 25. Kf1 Ne4 26. Qe2 Nxd2+ 27. Qxd2 Qe4 28. a3 a5 29. f3 Qf5 30. Kf2 b5 31. g4 Qb1 32. Kg3 Qg1+ 33. Kf4 Qf1 34. Kg3 1/2-1/2

[Event "Nittenau-ch 16th"]
[Site "Nittenau"]
[Date "2016.09.17"]
[Round "2"]
[White "Kammer, Philipp"]
[Black "Schmid, Bernhard"]
[Result "0-1"]
[WhiteElo "1508"]
[BlackElo "1946"]
[PlyCount "60"]
[EventDate "2016.09.16"]
[EventType "swiss"]
[EventRounds "5"]
[EventCountry "GER"]
[SourceTitle "EXT 2022"]
[Source "ChessBase"]
[SourceDate "2021.10.06"]
[SourceVersion "1"]
[SourceVersionDate "2021.10.06"]
[SourceQuality "1"]

1. e4 e6 2. d4 d5 3. e5 c5 4. c4 Nc6 5. Nf3 cxd4 6. Nxd4 Nxe5 7. Bf4 Ng6 8. Bg3 Bb4+ 9. Nc3 Nf6 10. Qa4+ Bd7 11. Qxb4 a5 12. Qb3 0-0 13. cxd5 exd5 14. Nxd5 Re8+ 15. Be2 Bg4 16. Nxf6+ Qxf6 17. Rd1 Rad8 18. f3 Rxd4 19. fxg4 Rb4 20. Qc3 Rxb2 21. Qxf6 Rexe2+ 22. Kf1 gxf6 23. Rd5 b6 24. Rd6 Re6 25. Rd1 Rxa2 26. Bf2 Nf4 27. g3 Ng6 28. Rb1 Ne5 29. Bxb6 Nf3 30. Bd8 Nd2+ 0-1

[Event "Nittenau-ch op 15th"]
[Site "Nittenau"]
[Date "2015.09.20"]
[Round "4"]
[White "Kuehner, Andreas"]
[Black "Schmid, Bernhard"]
[Result "1/2-1/2"]
[WhiteElo "1773"]
[BlackElo "1904"]
[PlyCount "39"]
[EventDate "2015.09.18"]
[EventType "swiss"]
[EventRounds "5"]
[EventCountry "GER"]
[SourceTitle "EXT 2017"]
[Source "ChessBase"]
[SourceDate "2016.10.25"]
[SourceVersion "1"]
[SourceVersionDate "2016.10.25"]
[SourceQuality "1"]

1. d4 d5 2. e3 Nf6 3. Bd3 c5 4. c3 Nc6 5. f4 g6 6. Nf3 Bg7 7. Ne5 0-0 8. Nd2 Qc7 9. 0-0 b6 10. Qf3 Be6 11. b3 cxd4 12. exd4 Nxe5 13. dxe5 Qxc3 14. exf6 Qxa1 15. fxg7 Qxg7 16. f5 Qd4+ 17. Kh1 Bxf5 18. Bxf5 gxf5 19. Qxf5 e6 20. Nf3 1/2-1/2

[Event "Oberpfalz-ch M1"]
[Site "Schwandorf"]
[Date "2015.03.28"]
[Round "2"]
[White "Paar, Johannes"]
[Black "Schmid, Bernhard"]
[Result "1/2-1/2"]
[WhiteElo "1971"]
[BlackElo "1829"]
[PlyCount "100"]
[EventDate "2015.03.28"]
[EventType "swiss"]
[EventRounds "8"]
[EventCountry "GER"]
[SourceTitle "EXT 2022"]
[Source "ChessBase"]
[SourceDate "2021.10.06"]
[SourceVersion "1"]
[SourceVersionDate "2021.10.06"]
[SourceQuality "1"]

1. d4 d5 2. c4 dxc4 3. Nc3 c5 4. e3 e6 5. Bxc4 cxd4 6. exd4 Nf6 7. Nf3 Be7 8. 0-0 a6 9. Re1 0-0 10. Bf4 Nbd7 11. Qe2 Nb6 12. Bb3 Nbd5 13. Bg3 b6 14. Ne5 Bb7 15. Rac1 Rc8 16. h3 Bb4 17. Nxd5 Bxd5 18. Bxd5 Bxe1 19. Rxc8 Qxc8 20. Bc4 b5 21. Bb3 Ba5 22. Bc2 Rd8 23. Qd3 Bb6 24. Ng4 Kf8 25. Nxf6 gxf6 26. Qxh7 Ke7 27. Bg6 Qc1+ 28. Kh2 Rf8 29. Qg7 Bc7 30. Bh5 Bxg3+ 31. Qxg3 Rc8 32. Qa3+ Ke8 33. g3 Rc2 34. Kg2 Qxb2 35. Qf3 Qxa2 36. Qxf6 Qd5+ 37. Bf3 Qf5 38. Qh8+ Ke7 39. Qa8 Ra2 40. g4 Qc2 41. Qa7+ Kd8 42. d5 Qc7 43. Qd4 e5 44. Qb4 Ke8 45. d6 Qc2 46. Qe1 Kd7 47. Qe3 Kxd6 48. Be4 Qc5 49. Qf3 Ke7 50. g5 Ra3 1/2-1/2

[Event "Nittenau-ch 12th"]
[Site "Nittenau"]
[Date "2012.09.16"]
[Round "4"]
[White "Schmid, Bernhard"]
[Black "Oberhofer, Cedric"]
[Result "0-1"]
[WhiteElo "1718"]
[BlackElo "1730"]
[PlyCount "104"]
[EventDate "2012.09.14"]
[EventType "swiss"]
[EventRounds "5"]
[EventCountry "GER"]
[SourceTitle "EXT 2022"]
[Source "ChessBase"]
[SourceDate "2021.10.06"]
[SourceVersion "1"]
[SourceVersionDate "2021.10.06"]
[SourceQuality "1"]

1. d4 Nf6 2. Nf3 g6 3. c4 c5 4. d5 e6 5. Nc3 exd5 6. cxd5 d6 7. Bf4 a6 8. a4 Bg7 9. e4 0-0 10. Nd2 Re8 11. Be2 Qe7 12. g4 Nfd7 13. Qc2 Ne5 14. h3 Nbd7 15. Bg3 g5 16. 0-0 Ng6 17. Nd1 Nf4 18. Bxf4 gxf4 19. Bf3 Ne5 20. Bg2 Bd7 21. Nc4 Bxa4 22. Rxa4 Nxc4 23. Rxc4 b5 24. Rc3 Bxc3 25. Nxc3 Qe5 26. Qd2 h5 27. Ne2 hxg4 28. hxg4 a5 29. Nxf4 Qg5 30. f3 a4 31. Qc1 Reb8 32. Nh5 Qxc1 33. Rxc1 b4 34. Bf1 a3 35. b3 Rc8 36. Ra1 c4 37. bxc4 b3 38. Bd3 a2 39. Nf6+ Kh8 40. Kf2 b2 41. Rxa2 Rxa2 42. Kg3 Ra3 43. Bb1 Rxc4 44. e5 dxe5 45. Nd7 f6 46. Nxf6 Rf4 47. Ne4 Rfxf3+ 48. Kg2 Rf4 49. d6 Rxg4+ 50. Kf2 Rg7 51. Nc5 Ra1 52. d7 Rxd7 0-1

[Event "Nittenau-ch 10th"]
[Site "Nittenau"]
[Date "2010.09.19"]
[Round "4"]
[White "Schmid, Bernhard"]
[Black "Riedl, Maximilian"]
[Result "1-0"]
[WhiteElo "1641"]
[BlackElo "1869"]
[PlyCount "79"]
[EventDate "2010.09.17"]
[EventType "swiss"]
[EventRounds "5"]
[EventCountry "GER"]
[SourceTitle "EXT 2022"]
[Source "ChessBase"]
[SourceDate "2021.10.06"]
[SourceVersion "1"]
[SourceVersionDate "2021.10.06"]
[SourceQuality "1"]

1. e4 c5 2. Nf3 Nf6 3. Nc3 Nc6 4. d4 d5 5. exd5 Nxd5 6. Nxd5 Qxd5 7. dxc5 Qxd1+ 8. Kxd1 Bg4 9. Be3 Bxf3+ 10. gxf3 g6 11. Bb5 Bg7 12. c3 0-0 13. Ke2 a6 14. Bd3 e5 15. Rad1 Rfd8 16. Bc2 Kf8 17. Rxd8+ Rxd8 18. Rd1 Ke7 19. Rxd8 Nxd8 20. Bd3 Kd7 21. b4 Kc7 22. Bc2 h6 23. Kd3 f5 24. c4 Nc6 25. Bd2 g5 26. b5 e4+ 27. fxe4 Ne5+ 28. Ke2 fxe4 29. Bc3 Bf6 30. Bxe4 Ng4 31. Bxf6 Nxf6 32. Bg2 Ng4 33. c6 axb5 34. cxb5 b6 35. h3 Nf6 36. Ke3 Ne8 37. Kd4 Nd6 38. a4 Nf5+ 39. Ke5 Nh4 40. Be4 1-0

[Event "Nittenau-ch 10th"]
[Site "Nittenau"]
[Date "2010.09.18"]
[Round "2"]
[White "Schmid, Bernhard"]
[Black "Behrens, Kai"]
[Result "0-1"]
[WhiteElo "1641"]
[BlackElo "1913"]
[PlyCount "62"]
[EventDate "2010.09.17"]
[EventType "swiss"]
[EventRounds "5"]
[EventCountry "GER"]
[SourceTitle "EXT 2022"]
[Source "ChessBase"]
[SourceDate "2021.10.06"]
[SourceVersion "1"]
[SourceVersionDate "2021.10.06"]
[SourceQuality "1"]

1. e4 e5 2. Nf3 d6 3. d4 Nd7 4. Bc4 c6 5. 0-0 Be7 6. dxe5 dxe5 7. a4 Ngf6 8. Qe2 0-0 9. Bg5 Qc7 10. Nbd2 a6 11. c3 b6 12. b4 Bb7 13. Bd3 h6 14. Bh4 Rfe8 15. Bg3 Nh5 16. Ne1 Ndf6 17. Nc4 Nxg3 18. hxg3 a5 19. bxa5 b5 20. axb5 cxb5 21. Nb6 Qxc3 22. Nxa8 Qxa1 23. Nc7 Rb8 24. Nxb5 Qxa5 25. Nf3 Ba6 26. Nc3 Bxd3 27. Qxd3 Rb3 28. Rc1 Bb4 29. Qb5 Rxc3 30. Qb8+ Kh7 31. Rb1 Nxe4 0-1

[Event "Deggendorf op 3rd"]
[Site "Deggendorf"]
[Date "2010.09.04"]
[Round "2"]
[White "Leeb, Jonas"]
[Black "Schmid, Bernhard"]
[Result "0-1"]
[WhiteElo "1284"]
[BlackElo "1641"]
[PlyCount "68"]
[EventDate "2010.09.03"]
[EventType "swiss"]
[EventRounds "5"]
[EventCountry "GER"]
[SourceTitle "CBM 138 Extra"]
[Source "ChessBase"]
[SourceDate "2010.10.29"]
[SourceVersion "1"]
[SourceVersionDate "2010.10.29"]
[SourceQuality "1"]

1. b4 d5 2. Bb2 Bf5 3. e3 Nd7 4. Nf3 Ngf6 5. c4 e6 6. c5 Be7 7. Be2 0-0 8. d4 Ne4 9. Nc3 Ndf6 10. Nxe4 Nxe4 11. Nd2 Bg5 12. Nxe4 Bxe4 13. Bf3 Qf6 14. Qe2 Qg6 15. g3 Bd3 16. Qd1 Be7 17. a4 b6 18. Ra3 Bc4 19. Be2 Bxe2 20. Kxe2 Rab8 21. Bc3 bxc5 22. bxc5 Rb7 23. Qd3 Qh5+ 24. f3 Qh3 25. Qd1 Rfb8 26. Qf1 Qf5 27. Ra2 Rb3 28. Kd2 e5 29. f4 Qe6 30. Qe1 exd4 31. Bxd4 Bf6 32. Kc2 Bxd4 33. exd4 Qg6+ 34. Kd2 Qd3+ 0-1

[Event "Landesliga Nord 0304"]
[Site "Bayern"]
[Date "2004.01.18"]
[Round "5.7"]
[White "Fiedler, Wolfgang"]
[Black "Schmid, Bernhard"]
[Result "1/2-1/2"]
[WhiteElo "1939"]
[BlackElo "1970"]
[PlyCount "57"]
[EventDate "2003.10.??"]
[EventType "team-tourn"]
[EventRounds "9"]
[EventCountry "GER"]
[SourceTitle "EXT 2006"]
[Source "ChessBase"]
[SourceDate "2005.11.24"]
[SourceVersion "1"]
[SourceVersionDate "2005.11.24"]
[SourceQuality "1"]
[WhiteTeam "Forchheim II"]
[BlackTeam "Bamberg II"]
[WhiteTeamCountry "GER"]
[BlackTeamCountry "GER"]

1. Nf3 c5 2. g3 d5 3. Bg2 Nc6 4. d3 Nf6 5. Nbd2 g6 6. e4 dxe4 7. dxe4 Bg7 8. 0-0 0-0 9. c3 Qc7 10. Re1 e6 11. Qe2 Nd7 12. Nc4 b6 13. Bf4 e5 14. Bg5 Ba6 15. Nfd2 Na5 16. Bf1 Nxc4 17. Nxc4 Nf6 18. Qe3 Bb7 19. Bg2 Rad8 20. Qf3 Qe7 21. Ne3 Rd6 22. Rad1 Rfd8 23. Rxd6 Rxd6 24. Ng4 Kf8 25. Rd1 Rxd1+ 26. Qxd1 Qd7 27. Qxd7 Nxd7 28. f3 f6 29. Bd2 1/2-1/2

[Event "Regionalliga NW 9900"]
[Site "Bayern"]
[Date "1999.??.??"]
[Round "1.4"]
[White "Schmid, Bernhard"]
[Black "Zoeller, Bernd"]
[Result "1/2-1/2"]
[WhiteElo "1904"]
[BlackElo "1985"]
[PlyCount "35"]
[EventDate "1999.??.??"]
[EventType "team-tourn"]
[EventRounds "9"]
[EventCountry "GER"]
[SourceTitle "EXT 2020"]
[Source "ChessBase"]
[SourceDate "2019.10.17"]
[SourceVersion "1"]
[SourceVersionDate "2019.10.17"]
[SourceQuality "1"]
[WhiteTeam "Bamberg SC III"]
[BlackTeam "Klingenberg"]
[WhiteTeamCountry "GER"]
[BlackTeamCountry "GER"]

1. Nf3 Nf6 2. c4 e6 3. d4 b6 4. Nc3 Bb7 5. Bg5 Be7 6. e3 h6 7. Bh4 d6 8. h3 Nbd7 9. Be2 0-0 10. 0-0 d5 11. Rc1 Rc8 12. Ne5 Nxe5 13. dxe5 Ne4 14. Bxe7 Qxe7 15. Nxe4 dxe4 16. Qa4 c5 17. Qxa7 Qc7 18. Qa3 1/2-1/2

[Event "Landesliga Nord 9697"]
[Site "Bayern"]
[Date "1997.??.??"]
[Round "?"]
[White "Schmid, Bernhard"]
[Black "Aulinger, Reimund"]
[Result "0-1"]
[WhiteElo "1904"]
[BlackElo "2090"]
[PlyCount "44"]
[EventDate "1996.10.??"]
[EventType "team-tourn"]
[EventRounds "9"]
[EventCountry "GER"]
[SourceTitle "EXT 2020"]
[Source "ChessBase"]
[SourceDate "2019.10.17"]
[SourceVersion "1"]
[SourceVersionDate "2019.10.17"]
[SourceQuality "1"]
[WhiteTeam "Bamberg SC II"]
[BlackTeam "Bindlach"]
[WhiteTeamCountry "GER"]
[BlackTeamCountry "GER"]

1. Nf3 e6 2. c4 f5 3. d4 Nf6 4. Nc3 Be7 5. g3 0-0 6. Bg2 d6 7. 0-0 Qe8 8. Qd3 Nc6 9. a3 e5 10. e4 fxe4 11. Nxe4 Nxe4 12. Qxe4 Bf5 13. Qd5+ Kh8 14. dxe5 dxe5 15. Be3 Rd8 16. Qb5 Bd3 17. Rfe1 Qf7 18. Qxb7 e4 19. Nd2 Nd4 20. Bxe4 Nc2 21. Bxd3 Rxd3 22. Qxc7 Rxe3 0-1

[Event "Landesliga Nord 9596"]
[Site "Bayern"]
[Date "1996.??.??"]
[Round "?"]
[White "Rebscher, Ralf"]
[Black "Schmid, Bernhard"]
[Result "1/2-1/2"]
[WhiteElo "1940"]
[BlackElo "1904"]
[PlyCount "34"]
[EventDate "1995.10.??"]
[EventType "team-tourn"]
[EventRounds "9"]
[EventCountry "GER"]
[SourceTitle "EXT 2020"]
[Source "ChessBase"]
[SourceDate "2019.10.17"]
[SourceVersion "1"]
[SourceVersionDate "2019.10.17"]
[SourceQuality "1"]
[WhiteTeam "Obernburg"]
[BlackTeam "Bamberg SC II"]
[WhiteTeamCountry "GER"]
[BlackTeamCountry "GER"]

1. d4 d5 2. Bf4 Nf6 3. e3 e6 4. Bd3 c5 5. c3 Nc6 6. Nf3 Be7 7. Nbd2 0-0 8. Qe2 c4 9. Bc2 b5 10. e4 dxe4 11. Nxe4 Nd5 12. Bd2 Qc7 13. 0-0 Bb7 14. Nfg5 h6 15. Nh3 e5 16. dxe5 Nxe5 17. Nf4 Nf6 1/2-1/2

[Event "Landesliga Nord 9495"]
[Site "Bayern"]
[Date "1995.??.??"]
[Round "?.6"]
[White "Weinmann, Stefan"]
[Black "Schmid, Bernhard"]
[Result "1-0"]
[WhiteElo "1950"]
[BlackElo "1904"]
[PlyCount "59"]
[EventDate "1994.10.09"]
[EventType "team-tourn"]
[EventRounds "9"]
[EventCountry "GER"]
[SourceTitle "EXT 1999"]
[Source "ChessBase"]
[SourceDate "1998.11.16"]
[SourceVersion "1"]
[SourceVersionDate "1998.11.16"]
[SourceQuality "1"]
[WhiteTeam "Nuernberg Grundig SC"]
[BlackTeam "Bamberg SC II"]
[WhiteTeamCountry "GER"]
[BlackTeamCountry "GER"]

1. d4 Nf6 2. Nf3 d5 3. c4 c6 4. Nc3 e6 5. Bf4 dxc4 6. e3 b5 7. Qc2 Nd5 8. Bg3 Bb4 9. e4 Nxc3 10. bxc3 Bd6 11. Be2 0-0 12. Bxd6 Qxd6 13. e5 Qe7 14. Nd2 Nd7 15. Bf3 Bb7 16. h4 Nb6 17. Ne4 Nd5 18. Ng5 f5 19. exf6 Nxf6 20. Kf1 c5 21. dxc5 Bxf3 22. gxf3 h6 23. Re1 hxg5 24. hxg5 Qxc5 25. gxf6 Rxf6 26. Qh7+ Kf7 27. Rg1 Rg8 28. Rd1 Qc6 29. Rd8 Rxd8 30. Rxg7+ 1-0